000 00607nam a2200229Ia 4500
003 OSt
005 20220924122614.0
006 a|||||r|||| 00| 0
007 ta
008 220923b |||||||| |||| 00| 0 urd d
024 _a316923
037 _cTextual
040 _aARTS
_cARTS
_burd
041 _2urd
_aurd
082 _aO168,3M46,3, J8
100 _aSarshar Ratan Nath
245 0 _aPi kahani
260 _aLucknow
_bAdbi Academy India
_c1958
650 _aURDU FICTION
_93298
942 _hO168,3M46,3, J8
_cTEXL
_2CC
999 _c412338
_d412338